00659nam a2200205 a 450000500170000000800410001701000130005802000250007103500130009603700150010904000180012408200060014210000210014824501050016926000290027427000650030330000350036865000330040370000170043620090912142531.0080424s2008 nyua j 000 1 eng  aB-358081 a9788126417810c60.00 aB-358081 bDBAD / PUB adplbEnglish  aS aNambiar, Aparna  aLittle lessons a surprise gift & Diya's baby sister /cby Aparna Nambiar; illustrated by K.G. Manoj  aKerala bDC Books c2008 aDC Kizhakemuri Edam, Good Shepherd Street, Kottayam b686001 a29p.:bcol. ill. ;c22cm(pbk)  aChildren's stories, English  aManoj, K.G.